|
|
|
|
| LEADER |
00609cam a2200205 7i4500 |
| 001 |
0000012559 |
| 005 |
20151104090000.0 |
| 005 |
##20151104113500.0 |
| 003 |
##MY-KlINT |
| 020 |
# |
# |
|a 9789834337520
|
| 039 |
# |
9 |
|y 201511041135
|z VLOAD
|
| 090 |
0 |
0 |
|a 959.500922
|b JEN
|
| 100 |
1 |
# |
|a Jeniri Amir,
|
| 245 |
1 |
0 |
|a 50 personaliti terbilang Malaysia /
|c Jeniri Amir.
|
| 260 |
# |
# |
|a Kuching:
|b Jenza Enterprise,
|c 2008.
|
| 300 |
# |
# |
|a x, 282ms:
|b il;
|c 25cm.
|
| 500 |
# |
# |
|a Bibliografi
|
| 650 |
# |
0 |
|a Celebrities --
|y Malaysia --
|z Biography
|
| 650 |
# |
0 |
|a Malaysia --
|z Biography
|
| 999 |
|
|
|a 0000066435
|b BOOK
|c Main Non-Fiction
|e INTAN BK
|